| 000 | 00365 a2200133 4500 | ||
|---|---|---|---|
| 001 | 86291 | ||
| 082 | _a519.57 MON | ||
| 090 |
_c40556 _d40556 |
||
| 100 | _amontgomery, C Douglas | ||
| 245 |
_aDesign and analysis of experiments, 7th ed _binternational student version |
||
| 250 | _a7 | ||
| 260 |
_aNY _bJohn Wilet & Sons _c2009 |
||
| 300 |
_axvii, 656p _bindian ed |
||
| 942 |
_aNUST-CAE _k519.57 MON |
||
| 999 |
_c321364 _d321364 |
||